| Tag |
First Indicator |
Second Indicator |
Subfields |
| LEADER |
00000cam a2200000 a 4500 |
| 001 |
in00000089147 |
| 005 |
20151008065323.0 |
| 008 |
811211s1981 dcua b 00010 eng |
| 010 |
|
|
|a 81083977
|
| 020 |
|
|
|a 0309031869 (pbk.)
|
| 035 |
|
|
|a (OCoLC)08052732
|
| 035 |
|
|
|9 AAK5741AM
|
| 039 |
0 |
|
|a 2
|b 3
|c 3
|d 3
|e 3
|
| 040 |
|
|
|a DLC
|c DLC
|d TXA
|d UtOrBLW
|
| 043 |
|
|
|a n-us---
|
| 049 |
|
|
|a TXAM
|c [1196583]
|
| 050 |
0 |
0 |
|a TN805.A5
|b N29 1981
|
| 082 |
0 |
|
|a 622/.334
|2 19
|
| 110 |
2 |
|
|a National Research Council (U.S.).
|b Committee on Ground-Water Resources in Relation to Coal Mining.
|
| 245 |
1 |
0 |
|a Coal mining and ground-water resources in the United States :
|b a report /
|c prepared by the Committee on Ground-Water Resources in Relation to Coal Mining, Board on Mineral and Energy Resources, Commission on Natural Resources, National Research Council.
|
| 264 |
|
1 |
|a Washington, D.C. :
|b National Academy Press,
|c 1981.
|
| 300 |
|
|
|a xvi, 197 pages :
|b illustrations ;
|c 28 cm.
|
| 336 |
|
|
|a text
|b txt
|2 rdacontent
|
| 337 |
|
|
|a unmediated
|b n
|2 rdamedia
|
| 338 |
|
|
|a volume
|b nc
|2 rdacarrier
|
| 504 |
|
|
|a Includes bibliographies.
|
| 650 |
|
0 |
|a Coal mines and mining
|z United States.
|
| 650 |
|
0 |
|a Groundwater
|z United States.
|
| 999 |
|
|
|a MARS
|
| 999 |
f |
f |
|s 84ff9a31-94f7-3ba4-8374-0b6273c66a0e
|i d276e8e5-dc4e-3f6f-ac8e-257dc4eeec4a
|t 0
|
| 952 |
f |
f |
|p ric
|a Texas A&M University
|b Rellis Campus
|c Joint Library Facility
|d Remote Storage
|t 0
|e TN805.A5 N29 1981
|h Library of Congress classification
|i unmediated -- volume
|m A14806255278
|
| 998 |
f |
f |
|a TN805.A5 N29 1981
|t 0
|l Remote Storage
|